000 01551nam a22004097a 4500
001 000096456
003 CHAP
005 20220329143156.0
010 _a92922
011 _a93894
035 _a104476
040 _cCHAP
090 _aTesis
100 1 _aVelasco Hernández, Diego Adrían.
_9118398
245 1 0 _aEtiología de la pudrición de esquejes de jitomate (Lycopersicon esculentum Mill.) en invernadero, en Tulancingo, Oaxaca /
_c/por Diego Adrián Velasco Hernández.
260 _aChapingo, Méx. :
_bEl autor,
_c2006.
300 _a48 h. :
_bilus.; cuadros.
502 _aTesis (Ing. Agr. Esp. en Parasitología Agrícola) - - UACH. Departamento de Parasitología Agrícola
590 _aALEPH
_b10
_c20130110
_lUCH01
_h1514
590 _aBATCH-UPD
_b10
_c20130110
_lUCH01
_h0436
590 _aBATCH-UPD
_b10
_c20130410
_lUCH01
_h0112
590 _aBATCH-UPD
_b10
_c20130914
_lUCH01
_h2048
590 _aBATCH-UPD
_b10
_c20140324
_lUCH01
_h1459
590 _aBATCH-UPD
_b10
_c20141002
_lUCH01
_h0831
590 _aCONVERSION
_b10
_c20130109
_lUCH01
_h1351
590 _aE792CSJ
_b10
_c20130607
_lUCH01
_h1101
650 1 4 _aTomate
_xEnfermedades por hongos.
_9113713
650 1 4 _aTomate
_xOaxaca.
_9113747
650 1 4 _aTomate
_xPlántulas.
_9113749
856 _3Finding aid
_uhttp://10.13.5.2/tesis/104476.pdf
_zTeclea aquí
901 _aBK
905 _aElisama A. H.
942 _cCD
942 _n0
949 _aTesis
_bBC
_cTES
_d00000000104476
_eTS1
_h45841
_i104476
_sb
949 _aTesis
_bBC
_cTES
_d33724000996401
_eTS2
_fc.2
_h45842
_i104476
_sb
999 _c92922
_d92922